[Event "FSFMB Sept 2013"]
[Site "Budapest HUN"]
[Date "2013.09.11"]
[Round "4.2"]
[White "Csiba,Tibor Dr."]
[Black "Szabo,Mik"]
[Result "1-0"]
[WhiteElo "1574"]
[BlackElo "1321"]

1.d4 d5 2.c4 dxc4 3.e4 e6 4.Bxc4 Nc6 5.Nf3 Bb4+ 6.Nc3 Nf6 7.e5 Nd5 8.Bd2 f6
9.O-O fxe5 10.Nxe5 Nxe5 11.dxe5 O-O 12.Qb3 Bxc3 13.Bxc3 c6 14.Rad1 Qb6 15.Qc2 Bd7
16.Bd3 g6 17.h4 Nf4 18.Bxg6 Nxg6 19.Rxd7 Rf7 20.Rxf7 Kxf7 21.h5 Nf8 22.Bd2 Qd4
23.Re1 Rd8 24.Bh6 Rd7 25.Qe2 Ke8 26.Kf1 Qh4 27.Kg1 Qd4 28.Bg5 c5 29.Bf6 c4
30.Kf1 b5 31.a3 a6 32.g4 a5 33.g5 Qh4 34.Qf3 Rd5 35.g6 Rd3 36.Qa8+ Kd7 37.Qb7+  1-0

[Event "84th ch-GER 2013"]
[Site "Saarbruecken GER"]
[Date "2013.09.11"]
[Round "6.6"]
[White "Poetsch,H"]
[Black "Donchenko,Alexa"]
[Result "1/2-1/2"]
[WhiteElo "2468"]
[BlackElo "2467"]

1.d4 d5 2.c4 dxc4 3.e4 e5 4.Nf3 Bb4+ 5.Bd2 Bxd2+ 6.Nbxd2 exd4 7.Bxc4 Nc6
8.O-O Qf6 9.e5 Qg6 10.Nb3 Bg4 11.Bb5 Ne7 12.Nbxd4 O-O 13.Nxc6 Nxc6 14.Bxc6 Qxc6
15.Nd4 Qd7 16.f3 Rad8 17.Nb3 Qb5 18.Qc2 Be6 19.f4 Qb6+ 20.Kh1 g6 21.Rad1 Bg4
22.Rxd8 Rxd8 23.h3 Bf5 24.Qc1 h5 25.Rd1 Rxd1+ 26.Qxd1 Qf2 27.Qd4 Qe1+ 28.Kh2 h4
29.Nd2 Qf2 30.Kh1 Qe1+ 31.Kh2 Qg3+ 32.Kh1 Qe1+ 33.Kh2  1/2-1/2

[Event "TCh-CRO 2a Liga 2013"]
[Site "Bol CRO"]
[Date "2013.09.17"]
[Round "4.1"]
[White "Saric,S"]
[Black "Doric,D"]
[Result "1/2-1/2"]
[WhiteElo "2401"]
[BlackElo "2495"]

1.d4 d5 2.c4 dxc4 3.e4 Nf6 4.e5 Nd5 5.Bxc4 Nb6 6.Bd3 Nc6 7.Ne2 Bg4 8.f3 Bh5
9.Nbc3 e6 10.Be3 Bg6 11.Be4 Be7 12.O-O Bxe4  1/2-1/2

[Event "2nd GP Pyramides-Trophee Kaissa"]
[Site "Le Port-Marly FRA"]
[Date "2013.09.21"]
[Round "6.4"]
[White "Brunner,N"]
[Black "Dlugy,M"]
[Result "0-1"]
[WhiteElo "2426"]
[BlackElo "2524"]

1.d4 d5 2.c4 dxc4 3.e4 e5 4.Nf3 Bb4+ 5.Bd2 Bxd2+ 6.Qxd2 exd4 7.Bxc4 c5 8.Ne5 Nh6
9.O-O Nd7 10.Nxd7 Bxd7 11.b4 b6 12.Na3 O-O 13.Rac1 Qe7 14.bxc5 bxc5 15.Bd5 Rac8
16.Qa5 Be6 17.Nb5 Bxd5 18.exd5 Qd7 19.d6 a6 20.Nc7 Qxd6 21.Rxc5 Rfd8 22.h3 d3
23.Rd1 Rd7 24.Qxa6 Qxa6 25.Nxa6 Rcd8 26.Nb4 d2 27.Kf1 g6 28.g4 f5 29.f3 fxg4
30.hxg4 Nf7 31.a4 h6 32.a5 Ng5 33.Kg2 Re8 34.Nd5 Kf7 35.Rxd2 Ne6 36.Rb5 Red8
37.Rc5 Re8  0-1

[Event "23rd EYCC Open U18 2013"]
[Site "Budva MNE"]
[Date "2013.09.30"]
[Round "2.34"]
[White "Hackner,Oskar A"]
[Black "Lucovnik,Tilen"]
[Result "1/2-1/2"]
[WhiteElo "2104"]
[BlackElo "1939"]

1.d4 d5 2.c4 dxc4 3.e4 e5 4.Nf3 exd4 5.Qxd4 Qxd4 6.Nxd4 Nf6 7.f3 Bc5 8.Nb5 Na6
9.Bxc4 c6 10.N5c3 Nc7 11.Bg5 Be6 12.Bxe6 Nxe6 13.Bxf6 gxf6 14.Ne2 O-O-O 15.Nd2 Rhg8
16.g3 Bf2+ 17.Kxf2 Rxd2 18.Rad1 Rxb2 19.Ke3 Rd8 20.Rxd8+ Kxd8 21.h4 Kc7 22.f4 b5
23.g4 Nc5 24.Nd4 Kb6 25.g5 fxg5 26.hxg5 Na4  1/2-1/2

[Event "23rd EYCC Open U16 2013"]
[Site "Budva MNE"]
[Date "2013.09.30"]
[Round "2.9"]
[White "Grigorian,Sp"]
[Black "Toma,Ra"]
[Result "1/2-1/2"]
[WhiteElo "2144"]
[BlackElo "2255"]

1.d4 d5 2.c4 dxc4 3.e4 Nf6 4.e5 Nd5 5.Bxc4 Nb6 6.Bd3 Nc6 7.Be3 Nb4 8.Be4 f5
9.exf6 exf6 10.Nc3 f5 11.Bb1 Be6 12.Qf3 Qd7 13.Nge2 N4d5 14.Nf4 Nxf4 15.Bxf4 O-O-O
16.O-O g6 17.Rc1 a6 18.Bd3 Bd6 19.Bg5 Be7 20.Bf4 c6 21.Be5 Rhe8 22.b4 Bd6
23.Bf6 Be7 24.Be5 Bd6 25.Bf6 Be7  1/2-1/2

[Event "Grand Open Blagoevgrad 2013"]
[Site "Blagoevgrad BUL"]
[Date "2013.10.01"]
[Round "5.4"]
[White "Palac,M"]
[Black "Dlugy,M"]
[Result "1-0"]
[WhiteElo "2562"]
[BlackElo "2524"]

1.d4 d5 2.c4 dxc4 3.e4 e5 4.Nf3 Bb4+ 5.Nc3 exd4 6.Nxd4 Ne7 7.Bxc4 Nbc6 8.Be3 O-O
9.a3 Nxd4 10.Qxd4 Qxd4 11.Bxd4 Nc6 12.axb4 Nxd4 13.O-O-O Nc6 14.b5 Ne5 15.Be2 Ng4
16.Rdf1 Re8 17.f4 Kf8 18.h3 Ne3 19.Rf2 Be6 20.Rf3 Nxg2 21.f5 Bb3 22.Rg1 Nh4
23.Rf4 Nxf5 24.exf5 Re5 25.Bf3 c6 26.bxc6 bxc6 27.Rh4 Rxf5 28.Rxh7 Ke7 29.Bxc6 Rc8
30.Be4 Re5 31.Bc2 Bxc2 32.Kxc2 g5 33.Rf1 Rf8 34.h4 gxh4 35.Rxh4 a5 36.Ra4 Rc8
37.Raf4 Rf8 38.Rf6 Rc5 39.Kb3  1-0

[Event "23rd EYCC Open U16 2013"]
[Site "Budva MNE"]
[Date "2013.10.08"]
[Round "9.8"]
[White "Kambrath,Y"]
[Black "Dankhazi,A"]
[Result "1/2-1/2"]
[WhiteElo "2298"]
[BlackElo "2171"]

1.d4 d5 2.c4 dxc4 3.e4 e5 4.Nf3 exd4 5.Bxc4 Nc6 6.O-O Be6 7.Bb5 Bc5 8.b4 Bb6
9.a4 a6 10.Bxc6+ bxc6 11.Bb2 Nf6 12.a5 Ba7 13.Bxd4 Nxe4 14.Bxa7 Qxd1 15.Rxd1 Rxa7
16.Nd4 Bd5 17.f3 Nf6 18.Nc3 Rb7 19.b5 O-O 20.bxc6 Rb4 21.Rab1 Rc4 22.Nxd5 Nxd5
23.Rbc1 Nc3 24.Rd3 Rxd4 25.Rcxc3 Rfd8 26.Rxd4 Rxd4 27.Rb3 g6 28.Rb7 Rd5 29.Rxc7 Rxa5
30.Kf2 Kg7 31.Ke3 Ra4 32.Kd3 Kf6 33.Rd7 Ra1 34.Rd4 Ke7 35.Kc4 Rc1+ 36.Kd5 Kd8
37.Kd6 Rc2 38.Rb4 Rd2+ 39.Kc5 Rxg2 40.Rb8+ Kc7 41.Rb7+ Kc8 42.Rxf7 Rxh2 43.Rf8+ Kc7
44.Rf7+ Kc8 45.Rf8+ Kc7  1/2-1/2

[Event "Chigorin Memorial"]
[Site "St Petersburg RUS"]
[Date "2013.10.09"]
[Round "5.33"]
[White "Romanko,M"]
[Black "Baron,Ta"]
[Result "1/2-1/2"]
[WhiteElo "2359"]
[BlackElo "2473"]

1.d4 d5 2.c4 dxc4 3.e4 e5 4.Nf3 Bb4+ 5.Bd2 Bxd2+ 6.Nbxd2 exd4 7.Bxc4 Nc6
8.O-O Nf6 9.e5 Ng4 10.h3 Nh6 11.Nb3 O-O 12.Nbxd4 Nxd4 13.Qxd4 Be6 14.Bxe6 fxe6
15.Rad1 Qe8 16.Qd7 Rf7 17.Qxe8+ Rxe8 18.Rd3 Rfe7 19.Ng5 Nf7 20.Nxf7 Rxf7
21.Rfd1 h6 22.Rd7 g5 23.f3 Kf8 24.Kf2 Rxd7 25.Rxd7 Re7 26.Rd8+ Re8 27.Rd7 Re7
28.Rd8+ Re8 29.Rd7 Re7  1/2-1/2

[Event "35th Arco Open 2013"]
[Site "Arco ITA"]
[Date "2013.10.12"]
[Round "1.5"]
[White "De Nisi,R"]
[Black "Meister,P"]
[Result "0-1"]
[WhiteElo "1907"]
[BlackElo "2399"]

1.d4 d5 2.c4 dxc4 3.e4 c5 4.Nf3 cxd4 5.Bxc4 Nc6 6.O-O e6 7.Bf4 Nge7 8.Be5 Nxe5
9.Nxe5 Nc6 10.Nd3 Be7 11.Nd2 O-O 12.e5 Na5 13.Rc1 b6 14.Qg4 Nxc4 15.Rxc4 f5
16.Qxd4 Ba6 17.Nf4 Bxc4 18.Qxd8 Rfxd8  0-1

[Event "7th Univ Cent Open 2013"]
[Site "Bogota COL"]
[Date "2013.10.12"]
[Round "5.19"]
[White "Castro,O"]
[Black "Manrique,F"]
[Result "1-0"]
[WhiteElo "2343"]
[BlackElo "1967"]

1.d4 d5 2.c4 dxc4 3.e4 e5 4.Nf3 exd4 5.Bxc4 Bb4+ 6.Nbd2 Nc6 7.O-O Bg4 8.Qb3 Qd7
9.Ng5 Bh5 10.e5 Qe7 11.e6 Nh6 12.exf7+ Nxf7 13.Ne6 Nd6 14.Re1 Kd7 15.a3 Nxc4
16.axb4 N4e5 17.Nc5+ Kc8 18.f4 b6 19.fxe5 bxc5 20.Qh3+ Kb7 21.Qxh5 Nxb4 22.Qf3+ c6
23.Qf5 Rhf8 24.Qh3 Kc7  1-0

[Event "Chigorin Memorial"]
[Site "St Petersburg RUS"]
[Date "2013.10.12"]
[Round "8.88"]
[White "Yudkevich,M"]
[Black "Kopasov,E"]
[Result "1-0"]
[WhiteElo "2121"]
[BlackElo "1975"]

1.d4 d5 2.c4 dxc4 3.e4 Nc6 4.Nf3 Bg4 5.Be3 e6 6.Bxc4 Bxf3 7.gxf3 Qf6 8.Bb5 Ne7
9.Nd2 O-O-O 10.Nb3 a6 11.Be2 Ng6 12.Rc1 Bb4+ 13.Kf1 Qh4 14.h3 Nb8 15.Rc4 Qe7
16.Qc1 f6 17.f4 b5 18.Rc2 e5 19.fxe5 fxe5 20.Bg5 Qf7 21.a3 Bd6 22.Bg4+ Nd7
23.Bxd8 Kxd8 24.Nc5 Bxc5 25.dxc5 Ke8 26.Bxd7+ Qxd7 27.Qd2 Qe7 28.Rg1 Rf8
29.c6 Nf4 30.Qd7+ Qxd7 31.cxd7+ Kf7 32.Rxc7 Rd8 33.Rg5 Kf6 34.Rf5+ Ke6 35.Rc6+ Kxd7
36.Rxa6 Kc7 37.Rf7+ Kb8 38.Rb6+ Kc8 39.Rxf4 exf4 40.Kg2 Re8 41.Kf3 Re5 42.b4 g5
43.Rh6 Re7 44.h4 gxh4 45.Rxh4 Ra7 46.Rh5 Rxa3+ 47.Kxf4 Ra2 48.f3 Kd8 49.Rxb5 Rh2
50.Rd5+ Ke7 51.b5 h5 52.Kg3 Rh1 53.Kg2  1-0

[Event "I La Marina"]
[Site "Ibiza ESP"]
[Date "2013.10.13"]
[Round "2.4"]
[White "Campos Moreno,J"]
[Black "Fenollar Jorda,M"]
[Result "1-0"]
[WhiteElo "2471"]
[BlackElo "2434"]

1.d4 d5 2.c4 dxc4 3.e4 Nf6 4.e5 Nd5 5.Bxc4 Nb6 6.Bd3 Nc6 7.Ne2 Be6 8.Nbc3 Nb4
9.Be4 N4d5 10.a4 Nxc3 11.bxc3 Bd5 12.f3 e6 13.O-O Qd7 14.Nf4 Bc4 15.a5 Nd5
16.Bxd5 Bxd5 17.Nxd5 Qxd5 18.Qa4+ Qd7 19.Qb3 O-O-O 20.Be3 c5 21.a6 b6 22.dxc5 bxc5
23.Rfb1 Qc7 24.Ra5 Kd7 25.Qa4+  1-0

[Event "35th Arco Open 2013"]
[Site "Arco ITA"]
[Date "2013.10.14"]
[Round "3.21"]
[White "De Nisi,R"]
[Black "Popa,Cl"]
[Result "0-1"]
[WhiteElo "1907"]
[BlackElo "2136"]

1.d4 d5 2.c4 dxc4 3.e4 e5 4.Nf3 exd4 5.Qxd4 Qxd4 6.Nxd4 Bc5 7.Nb5 Na6 8.Bxc4 c6
9.N5c3 Nb4 10.Na3 b5 11.Be2 Be6 12.O-O Ne7 13.Bd2 Rd8 14.Rfd1 O-O 15.Be3 Bxe3
16.fxe3 Rxd1+ 17.Rxd1 Ng6 18.Rd2 Ne5 19.b3 Re8 20.Kf2 Kf8 21.h3 Ke7 22.Nc2 Nxc2
23.Rxc2 Rd8 24.Nb1 f5 25.Rd2 fxe4 26.Rxd8 Kxd8 27.Nd2 Bd5 28.Nb1 b4 29.Nd2 Ke7
30.Kg3 g5 31.Kf2 Kd6 32.Ke1 Nd3+ 33.Bxd3 exd3 34.e4 Bf7 35.Kf2 a5 36.Ke3 a4
37.Kxd3 axb3 38.axb3 Ke5 39.Ke3 c5 40.Nf3+ Kf6 41.Nd2 h5 42.g3 h4 43.gxh4 gxh4
44.Kf4 Be6 45.e5+ Kg6 46.Ne4 c4 47.bxc4 b3 48.c5 b2 49.Nc3 Bxh3 50.c6 Be6
51.c7 h3 52.Kg3 Kf7 53.Kh2 Ke8 54.Kg3 Kd7 55.Kh2 Kxc7 56.Nb5+ Kb6 57.Nc3 Ka5
58.Nb1 Kb4 59.Nd2 Bf5 60.Kg3 Kc3 61.e6 Kxd2 62.e7 Bd7  0-1

[Event "Aurora Fall Open 2013"]
[Site "Aurora CAN"]
[Date "2013.10.19"]
[Round "3.2"]
[White "Song,Michael"]
[Black "Plotkin,V"]
[Result "0-1"]
[WhiteElo "2229"]
[BlackElo "2234"]

1.d4 d5 2.c4 dxc4 3.e4 Nc6 4.Nf3 Bg4 5.Bxc4 Bxf3 6.Qxf3 e6 7.d5 Ne5 8.Qb3 Nxc4
9.Qxc4 exd5 10.exd5 Qe7+ 11.Be3 Qb4+ 12.Qxb4 Bxb4+ 13.Ke2 Nf6 14.a3 Bd6 15.Rd1 O-O-O
16.Bg5 Rhe8+ 17.Kf3 Be5 18.Bxf6 Bxf6 19.Nc3 Re5 20.g4 Re7 21.Rd2 Bxc3 22.bxc3 c6
23.c4 cxd5 24.cxd5 Kd7 25.Rc1 Kd6 26.Rc3 Rdd7 27.Kf4 Rc7 28.Rxc7 Rxc7 29.Rd3 Rc4+
30.Kf3 b5 31.g5 a5 32.Kg3 Rc5 33.Rf3 Rxd5 34.h4 Ke6 35.Re3+ Re5 36.Rd3 b4
37.f4 Rb5  0-1

[Event "17th Unive Open 2013"]
[Site "Hoogeveen NED"]
[Date "2013.10.19"]
[Round "2.18"]
[White "Wagner,De"]
[Black "Hendriks,Ric"]
[Result "1-0"]
[WhiteElo "2481"]
[BlackElo "2104"]

1.d4 d5 2.c4 dxc4 3.e4 Nc6 4.Nf3 Bg4 5.d5 Ne5 6.Bf4 Ng6 7.Be3 e5 8.Nbd2 Nf6
9.Bxc4 a6 10.Be2 Bd7 11.Qb3 b5 12.Rc1 Bd6 13.h4 Qe7 14.g3 h6 15.h5 Nf8 16.Nh4 Ng4
17.Bxg4 Bxg4 18.Rc6 Bd7 19.Nf5 Bxf5 20.exf5 Nd7 21.Ne4 O-O 22.g4 Nf6 23.Nxd6 cxd6
24.g5 Ng4 25.Rg1 Nxe3 26.f6 Qa7 27.fxe3 g6 28.gxh6 Kh8 29.Kd2 Rg8 30.Qc2 Qd7
31.h7 Rgc8 32.hxg6 fxg6 33.Rxc8+ Rxc8 34.Qxg6 Qxh7 35.Rh1 Qxh1 36.Qg7+  1-0

[Event "29th ECC Open 2013"]
[Site "Rhodes GRE"]
[Date "2013.10.21"]
[Round "2.5"]
[White "Khismatullin,D"]
[Black "Vedder,R"]
[Result "1-0"]
[WhiteElo "2656"]
[BlackElo "2257"]

1.d4 d5 2.c4 dxc4 3.e4 Nc6 4.Nf3 Bg4 5.d5 Ne5 6.Bf4 Ng6 7.Be3 e5 8.Bxc4 Nf6
9.Nc3 Bd6 10.Bb5+ Bd7 11.Bxd7+ Qxd7 12.O-O O-O 13.Rc1 b5 14.Qd3 b4 15.Ne2 Nh5
16.Rc4 a5 17.Rfc1 f5 18.exf5 Qxf5 19.Qxf5 Rxf5 20.Rd1 Ngf4 21.Nxf4 Nxf4 22.g3 Ng6
23.Ng5 Rb8 24.Ne4 Rf7 25.Bc5 Bxc5 26.Rxc5 Rd7 27.Rxa5 Rbd8 28.Rb5 Ne7 29.Rxb4 Rxd5
30.Rxd5 Nxd5 31.Rc4 Ra8 32.a3 Rb8 33.b4 Ra8 34.Rc5 Nf6 35.Nxf6+ gxf6 36.Rxc7 Rxa3
37.g4 Rb3 38.Rb7 e4 39.Kf1 Rb2 40.b5 Kf8 41.b6 Kg8 42.Ke1 Kf8 43.Kd1 Ke8
44.Kc1 Rb5 45.Kd2 Kd8 46.Ke3 Kc8 47.Rc7+  1-0

[Event "17th Unive Open 2013"]
[Site "Hoogeveen NED"]
[Date "2013.10.22"]
[Round "5.9"]
[White "Wagner,De"]
[Black "Slingerland,F"]
[Result "1-0"]
[WhiteElo "2481"]
[BlackElo "2345"]

1.d4 d5 2.c4 dxc4 3.e4 e5 4.Nf3 exd4 5.Bxc4 Nc6 6.O-O Be6 7.Nbd2 Bd6 8.e5 Nxe5
9.Nxe5 Bxe5 10.Re1 Bf6 11.Bxe6 fxe6 12.Rxe6+ Ne7 13.Qb3 Qd7 14.Ne4 O-O-O
15.Bf4 Ng6 16.Bg3 Nf8 17.Nd6+ cxd6 18.Rc1+ Kb8 19.Rxd6 Qxd6 20.Bxd6+ Rxd6
21.Qg3 Be7 22.Re1 Ng6 23.Rxe7 Rd8 24.Rxg7 d3 25.Rg8  1-0

[Event "29th ECC Open 2013"]
[Site "Rhodes GRE"]
[Date "2013.10.24"]
[Round "5.22"]
[White "Stefansson,H"]
[Black "Noe,C"]
[Result "1-0"]
[WhiteElo "2521"]
[BlackElo "2245"]

1.d4 d5 2.c4 dxc4 3.e4 Nf6 4.e5 Nd5 5.Bxc4 Nb6 6.Bb3 e6 7.Qg4 c5 8.dxc5 N6d7
9.Nf3 Nc6 10.O-O Nxc5 11.Be3 Nxb3 12.axb3 h5 13.Qg3 Qd5 14.Nbd2 h4 15.Qf4 Be7
16.Rfd1 Qb5 17.Ne4 Bd7 18.Nfg5 Bxg5 19.Nd6+ Kd8 20.Qxg5+  1-0

[Event "29th ECC Open 2013"]
[Site "Rhodes GRE"]
[Date "2013.10.26"]
[Round "7.1"]
[White "Sasikiran,K"]
[Black "Teterev,V"]
[Result "1-0"]
[WhiteElo "2662"]
[BlackElo "2506"]

1.d4 d5 2.c4 dxc4 3.e4 Nf6 4.e5 Nd5 5.Bxc4 Nb6 6.Bb3 Bf5 7.Nc3 Nc6 8.Nge2 e6
9.O-O Qd7 10.Be3 Be7 11.Ng3 Bg6 12.f4 Na5 13.d5 Nxb3 14.Qxb3 Bd3 15.Rfd1 Bc4
16.dxe6 Qxe6 17.Qc2 O-O 18.Nf5 Rfd8 19.b3 Ba6 20.Nxe7+ Qxe7 21.Bxb6 cxb6
22.Ne4 Qb4 23.h3 Rdc8 24.Qb1 Rd8 25.Qc2 Rdc8 26.a3 Qe7 27.Qf2 f6 28.Nd6 Rf8
29.b4 fxe5 30.b5 Rf6 31.Qa2+ Kh8 32.fxe5 Qxe5 33.Nf7+ Rxf7 34.Qxf7 Bxb5 35.Qxb7 Rf8
36.Qd5 Qe3+ 37.Kh1 Be2 38.Qd2 Qxd2 39.Rxd2 Bc4 40.Rad1 a5 41.a4 b5 42.axb5 Bxb5
43.Rd5 Bc6 44.Rxa5 h6 45.Rd6 Be4 46.Re5 Bf5 47.Re7 Kh7 48.Ra6 Bd3 49.Raa7 Rg8
50.Kh2 Bc4 51.Rad7 Bb3 52.Rc7 Bd5 53.g4 Ba2 54.Re1 Rf8 55.Ree7 Rg8 56.Kg3 Bb1
57.h4 Bd3 58.Red7 Bb1 59.Rd1 Bg6 60.h5 Be8 61.Rb1 Ba4 62.Kh4 Kh8 63.Kg3 Rd8
64.Rbb7 Rg8 65.Rb4 Bd1 66.Rd4 Bb3 67.Kh4 Ba2 68.Rd1 Bb3 69.Re1 Ba2 70.Rc5 Rd8
71.Rc2 Bg8 72.Rc7 Bh7 73.Ree7 Rg8 74.Kg3 Bb1 75.Kf2 Rf8+ 76.Ke3 Rg8 77.Kd2 Bh7
78.g5 hxg5 79.h6 Bf5 80.hxg7+ Kh7 81.Ke3 Kg6 82.Kd4 Kf6 83.Rf7+ Kg6 84.Ke5 Bg4
85.Rfe7 Rb8 86.Rc6+ Kh7 87.Kf6 Bf3 88.Rce6 Bh5 89.Kxg5  1-0

[Event "52nd TCh-DEN XtraCon 2013-14"]
[Site "Denmark DEN"]
[Date "2013.11.02"]
[Round "1.4"]
[White "Bank,P"]
[Black "Christensen,To"]
[Result "0-1"]
[WhiteElo "2247"]
[BlackElo "2355"]

1.d4 d5 2.c4 dxc4 3.e4 Nf6 4.e5 Nd5 5.Bxc4 Nb6 6.Bd3 Nc6 7.Ne2 f6 8.O-O fxe5
9.Be3 Bg4 10.f3 Bh5 11.Bb5 Qd6 12.Nbc3 O-O-O 13.d5 Nb4 14.Rc1 e6 15.a3 N4xd5
16.Ne4 Qe7 17.Bg5 Nf6 18.Qe1 Kb8 19.Qh4 Nbd5 20.N2c3 h6 21.Bxf6 Nxf6 22.Nxf6 Bg6
23.Nd7+ Rxd7 24.Qg3 c6 25.Bxc6 Qc5+ 26.Kh1 Qxc6 27.Qxg6 Rc7 28.Rfd1 Rc8 29.Ne2 Qe8
30.Rxc8+ Qxc8 31.Nc3 Bxa3 32.Qxg7 Bxb2 33.Ne4 Rd8 34.Rb1 Qd7 35.Qxd7 Rxd7
36.g4 Bd4 37.h4 a5 38.Kg2 Ka7 39.Kh3 Ka6 40.g5 hxg5 41.hxg5 a4 42.Kg4 Ka5
43.g6 b5 44.Rh1 a3 45.Kg5 b4 46.Kf6 b3 47.Kxe6 Rg7 48.Kf6 Rg8 49.Kf7 Rxg6
50.Kxg6 b2  0-1

[Event "TCh-AUT 2nd Mitte 2013-14"]
[Site "Gleisdorf AUT"]
[Date "2013.11.17"]
[Round "5.2"]
[White "Krebs,Jo"]
[Black "Kuba,G"]
[Result "0-1"]
[WhiteElo "2255"]
[BlackElo "2378"]

1.d4 d5 2.c4 dxc4 3.e4 Nc6 4.Nf3 Bg4 5.d5 Ne5 6.Bf4 Ng6 7.Bg3 e5 8.Bxc4 a6
9.Qb3 b5 10.Be2 Bd6 11.a4 b4 12.Nbd2 Nf6 13.h3 Bd7 14.Nh2 a5 15.Qc2 h5 16.h4 Qe7
17.Nhf3 Ng4 18.Ng5 O-O 19.O-O Qf6 20.Rfc1 Nf4 21.Bf1 Rfc8 22.Qd1 c6 23.dxc6 Bxc6
24.Bc4 Be8 25.Qf3 Bc5 26.Nb3 Bb6 27.Rc2 Rc7 28.Nd2 Rd8 29.Rac1 Bxa4 30.b3 Be8
31.Bxf4 Bxf2+ 32.Kh1 Bxh4 33.Nh3 exf4 34.Qxf4 Nf2+ 35.Kh2 Ng4+ 36.Kh1 Qxf4
37.Nxf4 Ne3 38.Ra2 Bg5 39.g3 h4 40.Nf3 Bxf4 41.gxf4 a4 42.Re2 Nxc4 43.bxc4 b3
44.Kg1 a3 45.Kf2 b2 46.Rg1 Rb8  0-1

[Event "TCh-AUT 2nd Mitte 2013-14"]
[Site "Grieskirchen AUT"]
[Date "2013.11.17"]
[Round "5.1"]
[White "Kociscak,J"]
[Black "Mayerhofer,P"]
[Result "1-0"]
[WhiteElo "2431"]
[BlackElo "2191"]

1.d4 d5 2.c4 dxc4 3.e4 e5 4.Nf3 exd4 5.Bxc4 Bb4+ 6.Nbd2 Nf6 7.O-O O-O 8.e5 Nfd7
9.Bxf7+ Rxf7 10.e6 Re7 11.exd7 Bxd2  1-0

[Event "4NCL 2013-14"]
[Site "Hinckley ENG"]
[Date "2013.11.17"]
[Round "2.132"]
[White "Guthrie,D"]
[Black "Grund,H"]
[Result "1/2-1/2"]
[WhiteElo "2194"]
[BlackElo "2426"]

1.d4 d5 2.c4 dxc4 3.e4 Nc6 4.Nf3 Nf6 5.Nc3 Bg4 6.Be3 e5 7.d5 Bxf3 8.gxf3 Ne7
9.Qa4+ Nd7 10.Qxc4 Ng6 11.O-O-O Bd6 12.Kb1 a6 13.Rg1 b5 14.Qd3 h6 15.Bh3 Qf6
16.Rg3 Nf4 17.Bxd7+ Kxd7 18.Qd2 Rhb8 19.Bxf4 exf4 20.Rgg1 Be5 21.Ne2 Ke8
22.Nd4  1/2-1/2

[Event "World Seniors w 2013"]
[Site "Opatija CRO"]
[Date "2013.11.18"]
[Round "6.5"]
[White "Milashevskaja,V"]
[Black "Miednikova,S"]
[Result "0-1"]
[WhiteElo "1814"]
[BlackElo "2166"]

1.d4 d5 2.c4 dxc4 3.e4 Nf6 4.Nc3 e5 5.Qa4+ Bd7 6.Qxc4 exd4 7.Qxd4 Nc6 8.Qd1 Bb4
9.Bg5 h6 10.Bxf6 Qxf6 11.Qf3 Qg6 12.Ne2 O-O 13.O-O-O Bg4 14.Qe3 Bxc3 15.bxc3 Rad8
16.f3 Rxd1+ 17.Kxd1 Rd8+ 18.Kc2 Qd6 19.Nd4 Be6 20.Bd3 Nxd4+ 21.Qxd4 Qxd4
22.cxd4 Rxd4 23.Rb1 b6 24.a3 c5 25.Kc3 Ra4 26.Ra1 Kf8 27.Bb5 Ra5 28.a4 a6
29.Bc6 b5 30.Rd1 Rxa4 31.e5 Ke7 32.Rd2 Ra3+ 33.Kb2 b4 34.Bd5 c4  0-1

[Event "Chennai GM Open 2013"]
[Site "Chennai IND"]
[Date "2013.11.20"]
[Round "7.9"]
[White "Shyam,SM"]
[Black "Rzayev,B"]
[Result "1/2-1/2"]
[WhiteElo "2544"]
[BlackElo "2466"]

1.d4 d5 2.c4 dxc4 3.e4 e5 4.Nf3 exd4 5.Bxc4 Nc6 6.O-O Be6 7.Bb5 Bc5 8.b4 Bb6
9.a4 a5 10.bxa5 Rxa5 11.Nbd2 Ra8 12.Nb3 Bxb3 13.Bxc6+ bxc6 14.Qxb3 Ne7 15.Ne5 O-O
16.Bg5 Qe8 17.Rfc1 c5 18.Nc4 Ba7 19.Bxe7 Qxe7 20.e5 Rab8 21.Qd3 f6 22.Re1 fxe5
23.Nxe5 Qe6 24.a5 Rbe8 25.g3 Qd5 26.Nc4 Rb8 27.Qd1 d3 28.a6 Qe6 29.Qg4 Qe3
30.Qe4 Qg5 31.Qg4 Qe3 32.Qe4  1/2-1/2

[Event "29th Voivoda Cup"]
[Site "Legnica POL"]
[Date "2013.11.25"]
[Round "6"]
[White "Sieciechowicz,M"]
[Black "Dastan,B"]
[Result "1/2-1/2"]
[WhiteElo "2453"]
[BlackElo "2410"]

1.d4 d5 2.c4 dxc4 3.e4 Nf6 4.e5 Nd5 5.Bxc4 Nb6 6.Bd3 Nc6 7.Be3 Nb4 8.Be4 f5
9.exf6 exf6 10.Nc3 f5 11.Bb1 N4d5 12.Nf3 Nxe3 13.fxe3 Bd6 14.e4 O-O 15.O-O c6
16.Qb3+ Kh8 17.a4 Qe7 18.a5 Be6 19.Qc2 Nc4 20.Re1 Qc7 21.e5 Bb4 22.Ba2 Qe7
23.a6 b5 24.Bxc4 Bxc4 25.Red1 Rad8 26.Kh1 Qe6 27.Qf2 Bxc3 28.bxc3 Bd5 29.Ne1 f4
30.Nd3 f3 31.g3 g5 32.Nc5 Qg6 33.Re1 g4 34.Re3 Rde8 35.Rae1 Rf5 36.Nd3 Qh6
37.Nc5 Rh5 38.Ne4 Rh3 39.Nf6 Rxh2+ 40.Qxh2 Qxf6 41.Kg1 Qe6 42.Qh5 Rf8 43.Rf1 h6
44.Rf2 Kh7 45.Re1 Rg8 46.Rh2 Rg7 47.Qh4 Rf7 48.Kf2 Qg6 49.Kg1 Be6 50.Rd2 Qf5
51.Kf2 Kg6 52.Rh1 Qg5 53.Qxg5+ Kxg5 54.Ke3 h5 55.Rdh2 Rh7 56.Rh4 Bd5 57.R1h2 Rh6
58.Rh1 Rh7 59.Kf2 Rh6 60.Re1 Re6 61.Rh2 Bc4 62.Ke3 Rh6 63.Reh1 Bd5 64.Kf2 Bc4
65.Re1 Re6 66.Rhh1 Bd5 67.Rh4 Bc4 68.Rh2 Bd5 69.Rhh1 Kg6  1/2-1/2

[Event "St Louis Classic GM 2013"]
[Site "Saint Louis USA"]
[Date "2013.11.26"]
[Round "8.2"]
[White "Sarkar,J"]
[Black "Priyadharshan,K"]
[Result "1/2-1/2"]
[WhiteElo "2432"]
[BlackElo "2402"]

1.d4 d5 2.c4 dxc4 3.e4 Nc6 4.Nf3 Bg4 5.d5 Ne5 6.Bf4 Ng6 7.Be3 Nf6 8.Bxc4 Nxe4
9.h3 Bd7 10.O-O Nd6 11.Bb3 e5 12.dxe6 fxe6 13.Nc3 Nf5 14.Qe2 Bd6 15.Bg5 Qc8
16.Nb5 O-O 17.Nxd6 Nxd6 18.Rfe1 Kh8 19.Rac1 Nf7 20.Bd2 c6 21.h4 e5 22.Bb4 Nf4
23.Qe3 Nxg2 24.Kxg2 Bh3+ 25.Kh2 Qg4 26.Rg1 Qxb4 27.Kxh3 Rae8 28.Rg4 Qe7 29.Rcg1 Nh6
30.Rxg7 Qf6 31.R7g3 Nf5 32.Qe4 Nxg3 33.Rxg3 Qf5+ 34.Qxf5 Rxf5 35.Ng5 Ref8
36.f3 h6 37.Ne6 R8f6 38.Kg2 e4 39.fxe4 Rf2+ 40.Kh3 Rxb2 41.Nd8 Rff2 42.Kg4 Rbe2
43.Kh5 Rxe4 44.Nxb7 Rff4 45.Kxh6 Rxh4+ 46.Kg5 Rh2 47.Nd6 Ree2 48.Nf5 a5 49.a4 Reg2
50.Rxg2 Rxg2+ 51.Kf6 Rb2 52.Bd1 Rd2 53.Bf3 c5 54.Ke5 Kg8 55.Nd6 Rd4 56.Bc6 Kf8
57.Nb7 Ke7 58.Nxa5 Rh4 59.Be4 Kd7 60.Nc4 Rh5+ 61.Kf4 Kc7 62.a5 Rh2 63.a6 Ra2
64.Ke5 Rxa6 65.Kd5 Ra4 66.Kxc5 Rxc4+ 67.Kxc4  1/2-1/2

[Event "9th Ugra Governor's Cup"]
[Site "Khanty-Mansiysk RUS"]
[Date "2013.11.29"]
[Round "2.14"]
[White "Maletin,P"]
[Black "Stukopin,A"]
[Result "1-0"]
[WhiteElo "2598"]
[BlackElo "2509"]

1.d4 d5 2.c4 dxc4 3.e4 e5 4.Nf3 Nf6 5.Nxe5 Nxe4 6.Bxc4 Nd6 7.Bb3 Be7 8.O-O O-O
9.Nc3 Nc6 10.Nxc6 bxc6 11.Qf3 Nf5 12.Be3 Nxd4 13.Bxd4 Qxd4 14.Qxc6 Bg4 15.Rae1 Bf6
16.Re4 Qd7 17.Ba4 Rad8 18.Qxf6 gxf6 19.Bxd7 Bxd7 20.Rc4 Be6 21.Rxc7 Rd2 22.Rb7 Rfd8
23.Ne4 Rc2 24.Nxf6+ Kg7 25.Nh5+ Kh6 26.Nf4 Bxa2 27.b3 a5 28.h4 Rdc8 29.Rd1 Rc1
30.Rxc1 Rxc1+ 31.Kh2 Kg7 32.Rb5 Rc3 33.Nh5+ Kf8 34.Rxa5 Bxb3 35.Ra8+ Ke7
36.Ra3 Rc5 37.g4 Be6 38.Kg3 Rc7 39.g5 Rc8 40.Nf6 Bf5 41.h5 Kf8 42.h6 Ke7
43.Ra7+ Ke6 44.Nh5 Bg6 45.Nf4+ Kf5 46.Ra5+ Ke4 47.f3+ Ke3 48.Nxg6 fxg6 49.Ra7 Rh8
50.Rd7 Ke2 51.Kg4 Kf2 52.Rf7 Ke3 53.Kg3 Kd4 54.f4 Kd5 55.Kg4 Ke6 56.Ra7 Kd6
57.f5 gxf5+ 58.Kxf5 Rf8+ 59.Kg4 Rh8 60.g6 hxg6 61.Kg5 Rf8 62.h7 Ke6 63.Kxg6  1-0

[Event "XXVII Belgrade Trophy"]
[Site "Obrenovac SRB"]
[Date "2013.12.01"]
[Round "8.13"]
[White "Atalik,S"]
[Black "Marjanovic,Dej"]
[Result "1-0"]
[WhiteElo "2572"]
[BlackElo "2269"]

1.d4 d5 2.c4 dxc4 3.e4 Nc6 4.Nf3 Bg4 5.d5 Ne5 6.Nc3 Nf6 7.Bf4 Ng6 8.Bg3 e5
9.dxe6 Bxe6 10.Nd4 Bd6 11.Nxe6 fxe6 12.Bxc4 Bxg3 13.hxg3 Qxd1+ 14.Rxd1 Ke7
15.f4 c6 16.e5 Nd5 17.Ne4 Rad8 18.Ke2 h6 19.Rhf1 Rhf8 20.Rf2 b6 21.Rdf1 Nh8
22.a3 Nf7 23.Rf3 Rd7 24.Rc1 Rfd8 25.b4 Ra8 26.Ba6 Nd8 27.Nd6 Nc7 28.Bd3 Nd5
29.Be4 Rxd6 30.exd6+ Kxd6 31.Rd3 Nb7 32.Kf3 a5 33.b5 Nc5 34.Rd2 cxb5 35.Rb1 Kc6
36.Rc2 b4 37.axb4 axb4 38.Rxb4 Ra3+ 39.Kg4 Kd7 40.Bxd5 exd5 41.f5 Kc6 42.Kh3 Re3
43.Rg4 Re7 44.Rg6+ Kc7 45.Rb2 Nd7 46.Ra2 Kb7 47.Rd6 Nf6 48.Rb2 Re5 49.Rbxb6+ Kc7
50.Rbc6+ Kb7 51.g4 Ne4 52.Rb6+  1-0

[Event "Russian Cup Final 2013"]
[Site "Khanty-Mansiysk RUS"]
[Date "2013.12.13"]
[Round "1.2"]
[White "Smirnov,P"]
[Black "Fedoseev,Vl3"]
[Result "0-1"]
[WhiteElo "2641"]
[BlackElo "2601"]

1.d4 d5 2.c4 dxc4 3.e4 Nc6 4.Nf3 Bg4 5.d5 Ne5 6.Qd4 Nxf3+ 7.gxf3 Bxf3 8.Rg1 Nf6
9.Nc3 e5 10.Qxc4 a6 11.Rg3 Bh5 12.f4 Nd7 13.Bh3 Bd6 14.f5 g6 15.Be3 Qe7 16.Kd2 Nb6
17.Qb3 Bc5 18.Na4 Bxe3+ 19.Rxe3 Nxa4 20.Qxa4+ c6 21.Rf1 O-O 22.f6 Qd6 23.Qa3 Rad8
24.Qxd6 Rxd6 25.Rd3 Rfd8 26.Ke3 h6 27.Bg2 Bg4 28.Rb3 Bc8 29.a4 g5 30.a5 Kh7
31.Rb6 h5 32.Rc1 Kg6 33.Bf1 Bd7 34.Rxb7 cxd5 35.exd5 Rxd5 36.Bg2 Rd4 37.Rc5 Bf5
38.Rxe5 Kxf6 39.Ree7 Rd3+ 40.Kf2 Be6 41.Bf1 Rd2+ 42.Kg1 R8d4  0-1